000 00396nam a22001457a 4500
005 20250617125106.0
008 250617b |||||||| |||| 00| 0 eng d
020 _a9780851114422
050 _aBR115
_b.CB ADE
100 _aADENEY BERNARD T.
245 _aSTRANGE VIRTUES;
_bETHICS IN A MULTICULTURAL WORLD
260 _aILLINOIS
_bINTERVARSITY PRESS
_cc1995
300 _a286p
942 _2lcc
_cBK
_n0
999 _c6546
_d6546